Kúzelné upratovanie japonské umenie, ako zbaviť dom neporiadku a nájsť životnú harmóniu
Salvato in:
| Autore principale: | |
|---|---|
| Altri autori: | |
| Natura: | Libro |
| Lingua: | slovacco |
| Pubblicazione: |
Bratislava
Premedia
2015
|
| Soggetti: | |
| Tags: |
Nessun Tag, puoi essere il primo ad aggiungerne!!
|
MARC
| LEADER | 00000nam a2200000 4500 | ||
|---|---|---|---|
| 001 | 0211781 | ||
| 005 | 20240314094351.5 | ||
| 020 | |a 978-80-8159-223-2 | ||
| 041 | 0 | |a slo | |
| 044 | |a SK | ||
| 245 | 1 | 0 | |a Kúzelné upratovanie |b japonské umenie, ako zbaviť dom neporiadku a nájsť životnú harmóniu |c Marie Kondo ; praklad: Ľuba Nitrová |
| 264 | 1 | |a Bratislava |b Premedia |c 2015 | |
| 300 | |a 223 s. | ||
| 610 | 2 | 0 | |a spoločnosť |
| 610 | 2 | 0 | |a správanie |
| 610 | 2 | 0 | |a aktivita spoločenská |
| 610 | 2 | 0 | |a psychológia |
| 610 | 2 | 0 | |a poradenstvo |
| 100 | 1 | |a Kondo, Marie | |
| 700 | 1 | |a Nitrová, Ľuba | |